[Event "Lliga Catalana DH"]
[Site "?"]
[Date "2018.01.20"]
[Round "1.7"]
[White "Garrido Fernandez, Daniel"]
[Black "Bofill Mas, Alexandre"]
[Result "1-0"]
[WhiteElo "2304"]
[BlackElo "2412"]
[PlyCount "81"]
[EventDate "2018.??.??"]
[WhiteTeam "FOM"]
[BlackTeam "CCS"]

1. e4 c5 2. Nf3 e6 3. d3 Nc6 4. g3 d6 5. Bg2 Nf6 6. O-O Be7 7. c3 c4 8. dxc4
Nxe4 9. Nd4 Nxd4 10. cxd4 Nf6 11. Nc3 O-O 12. Qe2 a6 13. Bf4 Re8 14. Rfd1 Ra7
15. Rac1 Bf8 16. b4 b6 17. h3 Bb7 18. Bxb7 Rxb7 19. Qf3 Qc8 20. g4 Nd7 21. Ne4
e5 22. Bg3 Rc7 23. Qd3 d5 24. Nd2 Bxb4 25. dxe5 Nc5 26. Qb1 Bxd2 27. Rxd2 Ne4
28. Rxd5 Nxg3 29. Qd3 f5 30. Qxg3 Rxc4 31. Rxc4 Qxc4 32. Qb3 Qxb3 33. axb3 f4
34. Kg2 Rc8 35. Rd6 b5 36. e6 Kf8 37. Rxa6 Rc3 38. Ra7 f3+ 39. Kg3 Rxb3 40.
Rf7+ Kg8 41. Rf5 1-0

[Event "Lliga Catalana DH"]
[Site "?"]
[Date "2018.01.20"]
[Round "1.8"]
[White "Ayas Fernandez, Antoni"]
[Black "Llaneza Vega, Patricia"]
[Result "1/2-1/2"]
[WhiteElo "2351"]
[BlackElo "2298"]
[PlyCount "59"]
[EventDate "2018.??.??"]
[WhiteTeam "CCS"]
[BlackTeam "FOM"]

1. Nf3 Nf6 2. g3 g6 3. Bg2 Bg7 4. O-O O-O 5. c4 d6 6. d4 Nc6 7. Nc3 a6 8. h3
Bd7 9. e4 e5 10. Be3 exd4 11. Nxd4 Ne5 12. b3 Re8 13. f4 Nc6 14. Qd2 Nxd4 15.
Bxd4 Bc6 16. Rae1 Nh5 17. Kh2 Bxd4 18. Qxd4 Qf6 19. Qxf6 Nxf6 20. e5 dxe5 21.
fxe5 Nd7 22. Nd5 Bxd5 23. Bxd5 Nxe5 24. Bxb7 Rad8 25. Bd5 Rxd5 26. cxd5 Nf3+
27. Rxf3 Rxe1 28. Rc3 Rd1 29. Rxc7 Rxd5 30. Rc2 1/2-1/2

[Event "Lliga Catalana DH"]
[Site "?"]
[Date "2018.01.20"]
[Round "1.9"]
[White "Chalmeta Ugas, Jordi"]
[Black "Garcia-Castany Musellas, Gal·la"]
[Result "1/2-1/2"]
[WhiteElo "2293"]
[BlackElo "2289"]
[PlyCount "142"]
[EventDate "2018.??.??"]
[WhiteTeam "FOM"]
[BlackTeam "CCS"]

1. d4 Nf6 2. c4 e6 3. Nc3 Bb4 4. Qc2 d5 5. cxd5 exd5 6. Bg5 Qd6 7. e3 O-O 8.
Bd3 h6 9. Bf4 Qe7 10. Nge2 Nc6 11. a3 Bd6 12. O-O a6 13. Bxd6 Qxd6 14. Ng3 Ng4
15. Bf5 Bxf5 16. Qxf5 Nf6 17. Nh5 Nxh5 18. Qxh5 Ne7 19. Na4 Nc6 20. Rac1 Nd8
21. Nc5 Rb8 22. Rc3 Ne6 23. Nd3 Rbd8 24. Rfc1 c6 25. Ne5 Ng5 26. f3 Qe7 27. h4
Nh7 28. Qg4 Nf6 29. Qg3 Nd7 30. Ng4 Kh8 31. Qc7 Qxh4 32. Qxb7 f5 33. Nf2 Nb8
34. Nd3 Rd6 35. Ne5 Rdf6 36. Nxc6 Nxc6 37. Rxc6 Qg5 38. Qe7 Kh7 39. Qe5 Rxc6
40. Rxc6 Qh4 41. Rc1 Qg5 42. Rc7 Rf6 43. Qe7 Qg6 44. Kf2 f4 45. exf4 Rxf4 46.
Qe5 Rh4 47. Qxd5 Rh2 48. Qe4 Rxg2+ 49. Ke3 Rxb2 50. Qxg6+ Kxg6 51. Rc6+ Kf5 52.
Rxa6 Rb3+ 53. Ke2 h5 54. Ra5+ Kf4 55. Rxh5 Rxa3 56. Rh4+ Kf5 57. Re4 g5 58. Re3
Ra2+ 59. Kd3 Ra3+ 60. Kd2 Ra2+ 61. Kc3 Ra3+ 62. Kd2 Ra2+ 63. Ke1 Kf4 64. Rd3 g4
65. fxg4 Kxg4 66. d5 Kf5 67. d6 Ra8 68. Kd2 Ke6 69. Kc3 Ra3+ 70. Kc4 Rxd3 71.
Kxd3 Kxd6 1/2-1/2

[Event "Lliga Catalana DH"]
[Site "?"]
[Date "2018.01.20"]
[Round "1.10"]
[White "Rajendra Sagar, Tejaswini"]
[Black "Castillo Fernandez, Carlos"]
[Result "1-0"]
[WhiteElo "2081"]
[BlackElo "2211"]
[PlyCount "50"]
[EventDate "2018.??.??"]
[WhiteTeam "CCS"]
[BlackTeam "FOM"]

1. e4 d6 2. d4 Nf6 3. Nc3 e5 4. Nf3 exd4 5. Nxd4 Be7 6. Be2 O-O 7. O-O Re8 8.
f3 Nc6 9. Kh1 h6 10. Be3 Bf8 11. Qd2 d5 12. Bb5 Bd7 13. exd5 Nb4 14. Bc4 Bc8
15. Rad1 Nbxd5 16. Nxd5 Nxd5 17. Nb5 Nxe3 18. Qxd8 Rxd8 19. Rxd8 Nxf1 20. Bxf1
g6 21. Nxc7 Rb8 22. Bb5 a6 23. Bd7 Bxd7 24. Rxb8 Bc6 25. c4 f5 1-0

[Event "Lliga Catalana DH"]
[Site "?"]
[Date "2018.01.20"]
[Round "1.1"]
[White "Guerra Mendez, Jose Angel"]
[Black "Alsina Leal, Daniel"]
[Result "1/2-1/2"]
[WhiteElo "2544"]
[BlackElo "2565"]
[PlyCount "78"]
[EventDate "2018.??.??"]
[WhiteTeam "PEC"]
[BlackTeam "BAB"]

1. e4 c5 2. c3 Nf6 3. e5 Nd5 4. Nf3 e6 5. Bc4 d6 6. exd6 Qxd6 7. d4 cxd4 8.
Qxd4 Nc6 9. Qe4 Nf6 10. Qe2 Be7 11. O-O O-O 12. Nbd2 b6 13. Ne4 Qc7 14. Re1
Nxe4 15. Qxe4 Bb7 16. Bd3 g6 17. Bf4 Qd7 18. Qe2 Rad8 19. Rad1 Qc8 20. h4 Rd5
21. Be4 Rxd1 22. Rxd1 Rd8 23. h5 Rxd1+ 24. Qxd1 Nd8 25. Bxb7 Qxb7 26. hxg6 hxg6
27. Qd3 Qd5 28. Qxd5 exd5 29. Kf1 Nc6 30. Ke2 f6 31. Be3 Kf7 32. Nd4 Nxd4+ 33.
Bxd4 Bd8 34. a4 a6 35. Kd3 b5 36. axb5 axb5 37. b4 Ke6 38. Ke3 Bc7 39. Kf3 f5
1/2-1/2

[Event "Lliga Catalana DH"]
[Site "?"]
[Date "2018.01.20"]
[Round "1.2"]
[White "Rizouk, Amen"]
[Black "Gual Pascual, Antoni"]
[Result "1/2-1/2"]
[WhiteElo "2494"]
[BlackElo "2485"]
[PlyCount "89"]
[EventDate "2018.??.??"]
[WhiteTeam "BAB"]
[BlackTeam "PEC"]

1. e4 g6 2. d4 Bg7 3. Nc3 d6 4. Be3 a6 5. Nf3 b5 6. Bd3 Nd7 7. e5 Bb7 8. e6
fxe6 9. Ng5 Nf8 10. O-O Nf6 11. Re1 h6 12. Nf3 g5 13. Bd2 Rb8 14. Qe2 Kd7 15.
a4 b4 16. Ne4 Nxe4 17. Bxe4 Bxe4 18. Qxe4 Qe8 19. h3 Qg6 20. Qe2 Bf6 21. Qxa6
h5 22. Ne5+ Bxe5 23. dxe5 g4 24. h4 Qf5 25. Bg5 Ng6 26. exd6 exd6 27. Rad1 Rb6
28. Qc4 Rhb8 29. Rd2 Rc6 30. Qd4 e5 31. Qd5 Qe6 32. Qd3 Ra8 33. b3 Ra5 34. Qe4
Rb6 35. Red1 Rb8 36. Kh2 Rc5 37. Kg1 Rc3 38. Kh2 Nh8 39. Kg1 Nf7 40. Be3 Rc6
41. Rd5 Qf6 42. Bg5 Qe6 43. Be3 Qf6 44. Bg5 Qe6 45. Be3 1/2-1/2

[Event "Lliga Catalana DH"]
[Site "?"]
[Date "2018.01.20"]
[Round "1.3"]
[White "Djuric, Stefan"]
[Black "Alonso Moyano, Jonathan"]
[Result "1/2-1/2"]
[WhiteElo "2470"]
[BlackElo "2458"]
[PlyCount "105"]
[EventDate "2018.??.??"]
[WhiteTeam "PEC"]
[BlackTeam "BAB"]

1. e4 c5 2. Nf3 d6 3. Bb5+ Nd7 4. O-O a6 5. Bc4 Nb6 6. Be2 Nf6 7. Nc3 e5 8. a4
a5 9. Bb5+ Bd7 10. Bxd7+ Qxd7 11. d3 g6 12. Nd2 d5 13. exd5 Nfxd5 14. Nb5 Be7
15. Nf3 f6 16. Bh6 Kf7 17. Re1 Bd6 18. Nxd6+ Qxd6 19. Nd2 Qc6 20. Nc4 Nxc4 21.
dxc4 Ne7 22. Ra3 Rhd8 23. Qe2 Nf5 24. Be3 e4 25. h3 Rd7 26. Raa1 b6 27. b3 Re8
28. Rad1 Nd4 29. Bxd4 cxd4 30. Qd2 f5 31. Qh6 Kg8 32. h4 Qf6 33. g3 Red8 34.
Kg2 Qc6 35. Qf4 d3 36. cxd3 Rxd3 37. Rxd3 exd3+ 38. Qf3 Qxf3+ 39. Kxf3 d2 40.
Rd1 Rd3+ 41. Ke2 Rxb3 42. Rxd2 Rc3 43. Rd8+ Kg7 44. Rc8 Ra3 45. Rc7+ Kg8 46.
Rc8+ Kf7 47. Rc7+ Kg8 48. Rc8+ Kg7 49. Rc7+ Kh6 50. c5 bxc5 51. Rxc5 Rxa4 52.
Rc7 Ra2+ 53. Kf3 1/2-1/2

[Event "Lliga Catalana DH"]
[Site "?"]
[Date "2018.01.20"]
[Round "1.4"]
[White "Perez Mañas, Benjamin"]
[Black "Alonso Garcia, Rene"]
[Result "0-1"]
[WhiteElo "2410"]
[BlackElo "2424"]
[PlyCount "58"]
[EventDate "2018.??.??"]
[WhiteTeam "BAB"]
[BlackTeam "PEC"]

1. e4 d6 2. d4 Nf6 3. Nc3 g6 4. Bg5 c6 5. Qd2 Nbd7 6. Nf3 Bg7 7. Bd3 Qc7 8. Bh6
O-O 9. Bxg7 Kxg7 10. h4 h5 11. O-O-O e5 12. dxe5 dxe5 13. Ng5 Nc5 14. Be2 Ne6
15. g3 b5 16. f3 Rd8 17. Qe3 Nd4 18. Kb1 Qa5 19. Bd3 Be6 20. Rd2 Rd7 21. Rhd1
Rad8 22. Bf1 Bc4 23. Bd3 Rb8 24. Rg2 b4 25. Bxc4 bxc3 26. b3 Nxb3 27. Ne6+ Kg8
28. Rxd7 Nd2+ 29. Ka1 Rb1# 0-1

[Event "Lliga Catalana DH"]
[Site "?"]
[Date "2018.01.20"]
[Round "1.5"]
[White "Escandell Mari, Juan Carlos"]
[Black "Obon Temprano, Sergi"]
[Result "1/2-1/2"]
[WhiteElo "2351"]
[BlackElo "2384"]
[PlyCount "67"]
[EventDate "2018.??.??"]
[WhiteTeam "PEC"]
[BlackTeam "BAB"]

1. e4 e5 2. Nf3 Nc6 3. Bb5 a6 4. Ba4 Nf6 5. d3 d6 6. c3 g6 7. O-O Bg7 8. Nbd2
b5 9. Bc2 O-O 10. d4 exd4 11. cxd4 Nb4 12. Bb1 c5 13. Re1 Bb7 14. b3 Re8 15.
Bb2 Qb6 16. h3 Rad8 17. a3 Nc6 18. d5 Nb8 19. Nf1 Nfd7 20. Bxg7 Kxg7 21. Qd2
Ne5 22. N3h2 f6 23. Ne3 Re7 24. Bc2 Rde8 25. a4 Nbd7 26. axb5 axb5 27. Ra5 Ra8
28. Rxa8 Bxa8 29. Ra1 Re8 30. Qa5 Rb8 31. f4 Nf7 32. Qxb6 Nxb6 33. Ra5 b4 34.
Nc4 1/2-1/2

[Event "Lliga Catalana DH"]
[Site "?"]
[Date "2018.01.20"]
[Round "1.6"]
[White "Rivas Garcia, Victor"]
[Black "Bru Rullo, LLatzer"]
[Result "1-0"]
[WhiteElo "2343"]
[BlackElo "2315"]
[PlyCount "85"]
[EventDate "2018.??.??"]
[WhiteTeam "BAB"]
[BlackTeam "PEC"]

1. e4 e5 2. Bc4 Nc6 3. Nf3 Bc5 4. c3 Nf6 5. d3 d6 6. Bb3 Bb6 7. h3 h6 8. Nbd2
Be6 9. Nc4 Qd7 10. a4 Rd8 11. Ba2 Bxc4 12. Bxc4 d5 13. exd5 Nxd5 14. O-O O-O
15. Bb5 Rfe8 16. a5 Bc5 17. a6 bxa6 18. Rxa6 Nb6 19. b4 Bf8 20. Rxa7 Qd6 21.
Ra3 Re7 22. Be3 Qg6 23. Nh4 Qf6 24. Qg4 g6 25. Ra6 Nb8 26. Ra7 Nd5 27. Bd2 c6
28. Ra6 Nxa6 29. Bxa6 e4 30. d4 c5 31. b5 Nc7 32. Bb7 Nxb5 33. Bxe4 cxd4 34. c4
Nd6 35. Bd5 Kh7 36. Nf3 Bg7 37. Ng5+ Kg8 38. Nf3 Qf5 39. Qh4 Rde8 40. Bxh6 Qf6
41. Bg5 Nf5 42. Bxf6 Nxh4 43. Bxh4 1-0

[Event "Lliga Catalana DH"]
[Site "?"]
[Date "2018.01.20"]
[Round "1.7"]
[White "Castellet Giralt, Gabriel"]
[Black "Martinez Ramirez, Erik"]
[Result "1/2-1/2"]
[WhiteElo "2322"]
[BlackElo "2335"]
[PlyCount "67"]
[EventDate "2018.??.??"]
[WhiteTeam "PEC"]
[BlackTeam "BAB"]

1. d4 Nf6 2. c4 g6 3. Nc3 d5 4. cxd5 Nxd5 5. e4 Nxc3 6. bxc3 Bg7 7. Be3 O-O 8.
Qd2 c5 9. Rc1 f5 10. Bc4+ Kh8 11. Nf3 Nc6 12. exf5 cxd4 13. cxd4 Bxf5 14. O-O
Be4 15. Ng5 Bd5 16. Bxd5 Qxd5 17. Rc5 Qd6 18. d5 Ne5 19. Ne6 Nd7 20. Rb5 Rf5
21. Rd1 b6 22. Nxg7 Kxg7 23. Bd4+ Kg8 24. Ba1 Nf6 25. Bxf6 exf6 26. Rb3 Rd8 27.
Rd3 Rd7 28. h3 Re5 29. Qc3 Rc7 30. Qb2 Kg7 31. g3 Rc5 32. Qd2 h5 33. Rd4 Ra5
34. Rd3 1/2-1/2

[Event "Lliga Catalana DH"]
[Site "?"]
[Date "2018.01.20"]
[Round "1.8"]
[White "Ramirez Carrizo, Victor Jose"]
[Black "Oliva Valero, Oscar"]
[Result "1-0"]
[WhiteElo "2263"]
[BlackElo "2298"]
[PlyCount "71"]
[EventDate "2018.??.??"]
[WhiteTeam "BAB"]
[BlackTeam "PEC"]

1. e4 e6 2. d4 d5 3. Nc3 Nf6 4. e5 Nfd7 5. f4 c5 6. Nf3 Nc6 7. Be3 c4 8. g3 Qb6
9. Bg2 Qxb2 10. Bd2 Nb4 11. O-O Qxc2 12. Qe2 Qd3 13. Qf2 Be7 14. g4 Nb6 15. f5
Nc2 16. Rfc1 Nxa1 17. Ne1 Nc2 18. Rxc2 Qxc2 19. Nxc2 Bd7 20. Bc1 O-O-O 21. Ba3
Bxa3 22. Nxa3 Kb8 23. Nab5 Nc8 24. a4 h5 25. g5 h4 26. Bxd5 exd5 27. e6 Bxb5
28. Qf4+ Ka8 29. Nxb5 a6 30. Nc7+ Ka7 31. exf7 Rd7 32. g6 Rf8 33. Ne6 Rfxf7 34.
gxf7 Rxf7 35. Qe5 c3 36. Qxd5 1-0

[Event "Lliga Catalana DH"]
[Site "?"]
[Date "2018.01.20"]
[Round "1.9"]
[White "Valencia Jimenez, Josep"]
[Black "Almeria Vivo, Marc"]
[Result "0-1"]
[WhiteElo "2263"]
[BlackElo "2299"]
[PlyCount "51"]
[EventDate "2018.??.??"]
[WhiteTeam "PEC"]
[BlackTeam "BAB"]

1. c4 e5 2. Nc3 Nf6 3. g3 g6 4. Bg2 Bg7 5. e3 O-O 6. d4 d6 7. Nge2 Nc6 8. O-O
Bg4 9. h3 Bd7 10. f4 exd4 11. exd4 Qc8 12. g4 Ne7 13. Ng3 h5 14. f5 h4 15. Nh1
Nh7 16. fxg6 Nxg6 17. Nd5 c5 18. Be3 cxd4 19. Bxd4 Bxd4+ 20. Qxd4 Qc5 21. Rad1
Bc6 22. Be4 Qxd4+ 23. Rxd4 Ng5 24. Nf2 Kg7 25. Ne7 Nxe7 26. Nh1 0-1

[Event "Lliga Catalana DH"]
[Site "?"]
[Date "2018.01.20"]
[Round "1.10"]
[White "Bosque Ortega, Xavier"]
[Black "Comallonga Fernandez, Josep"]
[Result "1/2-1/2"]
[WhiteElo "2297"]
[BlackElo "2159"]
[PlyCount "134"]
[EventDate "2018.??.??"]
[WhiteTeam "BAB"]
[BlackTeam "PEC"]

1. d4 Nf6 2. Nf3 e6 3. Bf4 b6 4. e3 Bb7 5. Nbd2 Be7 6. Bd3 d5 7. Ne5 c6 8. Qf3
h6 9. g4 Nbd7 10. h4 Nxe5 11. Bxe5 Bd6 12. O-O-O Bxe5 13. dxe5 Nd7 14. Qg3 Qe7
15. f4 O-O-O 16. e4 Nc5 17. exd5 Nxd3+ 18. cxd3 cxd5 19. Kb1 Kb8 20. Rc1 Rc8
21. a3 Rxc1+ 22. Rxc1 Rc8 23. Rxc8+ Kxc8 24. g5 Ba6 25. d4 hxg5 26. hxg5 g6 27.
Qc3+ Kb7 28. Qb4 Bd3+ 29. Ka1 Qxb4 30. axb4 Kc6 31. Ka2 Kb5 32. Kb3 Bf5 33. Kc3
Kc6 34. Nb3 Bg4 35. Nc1 Kb5 36. Kb3 Bd1+ 37. Kc3 Bg4 38. Na2 Bf3 39. b3 a6 40.
Kb2 Kc6 41. Nc3 Bg4 42. b5+ axb5 43. Ka3 Bh3 44. Kb4 Bf1 45. Na2 Bg2 46. Kc3
Bf3 47. Nb4+ Kb7 48. Nc2 Kc6 49. Na3 Bg2 50. Kb4 Bf1 51. Nc2 Be2 52. Kc3 Kb7
53. Kd2 Bh5 54. Ne3 Bf3 55. Ke1 Kc6 56. Kf2 Bh5 57. b4 Kd7 58. Kg3 Be2 59. f5
gxf5 60. Ng2 Ke8 61. Nf4 Bd1 62. Kh4 Ke7 63. Kg3 Bg4 64. Kh4 Bd1 65. g6 fxg6
66. Nxg6+ Kf7 67. Kg5 Bg4 1/2-1/2

[Event "Lliga Catalana DH"]
[Site "?"]
[Date "2018.01.20"]
[Round "1.9"]
[White "Sobrerroca Basagañas, Josep"]
[Black "Orteu Capdevila, Max"]
[Result "1/2-1/2"]
[WhiteElo "2074"]
[BlackElo "2213"]
[PlyCount "90"]
[WhiteTeam "OLO"]
[BlackTeam "EEB"]

1. e4 c5 2. Nc3 e6 3. f4 d5 4. e5 Nc6 5. Nf3 Nge7 6. g3 Nf5 7. Bg2 Be7 8. O-O
h5 9. Ne2 Qc7 10. c3 d4 11. d3 O-O 12. h3 Rd8 13. c4 Rb8 14. g4 hxg4 15. hxg4
Ne3 16. Bxe3 dxe3 17. Ne1 b5 18. cxb5 Rxb5 19. Qc1 Bh4 20. Qxe3 Nb4 21. Nc3 Rb8
22. Qh3 Bxe1 23. Raxe1 Rxd3 24. Qh4 Qd8 25. Qxd8+ Rxd8 26. Rd1 Ba6 27. Rxd8+
Rxd8 28. Rb1 Rd4 29. a3 Nd3 30. Ne2 Ra4 31. Bc6 Rc4 32. Rd1 Nxf4 33. Rd8+ Kh7
34. Nc3 Rd4 35. Ra8 Ne2+ 36. Nxe2 Bxe2 37. Rxa7 Bc4 38. Rxf7 Rxg4+ 39. Kf2 Rg5
40. Be4+ Kg8 41. Rc7 Rxe5 42. Bg6 Kf8 43. Rf7+ Kg8 44. Rc7 Kf8 45. Rf7+ Kg8
1/2-1/2

[Event "Lliga Catalana DH"]
[Site "?"]
[Date "2018.01.20"]
[Round "1.10"]
[White "Faro Larroya, Jordi"]
[Black "Sola Garcia, Manel"]
[Result "1/2-1/2"]
[WhiteElo "2018"]
[BlackElo "2017"]
[PlyCount "49"]
[WhiteTeam "EEB"]
[BlackTeam "OLO"]

1. d4 g6 2. Nf3 Nf6 3. Bf4 Bg7 4. e3 d6 5. h3 O-O 6. Be2 Nbd7 7. O-O Nh5 8. Bh2
e5 9. dxe5 dxe5 10. Nc3 Re8 11. Qd2 f5 12. Rad1 c6 13. h4 h6 14. Qd6 Qf6 15.
Qc7 Nb6 16. Rd6 Qf7 17. Qxf7+ Kxf7 18. Rfd1 Bf6 19. Ne1 Ng7 20. Nd3 e4 21. Nf4
Ne6 22. h5 Nxf4 23. Bxf4 g5 24. Bh2 Be6 25. g4 1/2-1/2

[Event "Lliga Catalana DH"]
[Site "?"]
[Date "2018.01.20"]
[Round "1.8"]
[White "Avila Jimenez, Xavier"]
[Black "Terry Cuellas, Luis Antonio"]
[Result "1/2-1/2"]
[WhiteElo "2318"]
[BlackElo "2115"]
[PlyCount "46"]
[WhiteTeam "EEB"]
[BlackTeam "OLO"]

1. d4 Nf6 2. Bg5 Ne4 3. Bf4 c5 4. d5 Qb6 5. Nd2 Nxd2 6. Bxd2 Qxb2 7. e4 Qb6 8.
f4 d6 9. Nf3 Bg4 10. Bc4 g5 11. Bc3 Rg8 12. O-O gxf4 13. Rb1 Qc7 14. Qe1 Nd7
15. Nd2 Bg7 16. Bxg7 Rxg7 17. Rxf4 O-O-O 18. Be2 Bxe2 19. Qxe2 Rdg8 20. Rf2 Ne5
21. Nc4 Ng4 22. Rf3 Ne5 23. Rf2 Ng4 1/2-1/2

[Event "Lliga Catalana DH"]
[Site "?"]
[Date "2018.01.20"]
[Round "1.6"]
[White "Feher, Adam"]
[Black "Pages Rafart, Jordi"]
[Result "1-0"]
[WhiteElo "2361"]
[BlackElo "2232"]
[PlyCount "49"]
[WhiteTeam "EEB"]
[BlackTeam "OLO"]

1. e4 c5 2. Nf3 e6 3. d4 cxd4 4. Nxd4 Nc6 5. Nc3 Qc7 6. Be2 a6 7. O-O b5 8.
Nxc6 dxc6 9. f4 b4 10. Nb1 Nf6 11. Nd2 Bb7 12. e5 Nd5 13. Ne4 Rd8 14. Qe1 Be7
15. a3 O-O 16. axb4 Nxb4 17. Qc3 c5 18. Nd2 f6 19. Nc4 fxe5 20. Nxe5 Bd6 21.
Bd2 Nd5 22. Qh3 Rf6 23. Ba5 Nb6 24. Nc4 Rh6 25. Bxb6 1-0

[Event "Lliga Catalana DH"]
[Site "?"]
[Date "2018.01.20"]
[Round "1.3"]
[White "Sabria Batlle, Pol"]
[Black "Matnadze, Ana"]
[Result "0-1"]
[WhiteElo "2403"]
[BlackElo "2482"]
[PlyCount "64"]
[EventDate "2018.??.??"]
[WhiteTeam "OLO"]
[BlackTeam "EEB"]

1. e4 c5 2. Nc3 Nc6 3. Bb5 d6 4. Bxc6+ bxc6 5. f4 g6 6. d3 Bg7 7. Nf3 Nf6 8.
O-O Bg4 9. Bd2 Rb8 10. b3 O-O 11. Kh1 Nh5 12. Qe1 f5 13. Ng5 fxe4 14. Qxe4 Qd7
15. Rae1 e6 16. Nxe6 Rfe8 17. f5 Bxf5 18. Rxf5 gxf5 19. Qxf5 Rf8 20. Qg4 Rbe8
21. h3 Rf6 22. Qxh5 Rexe6 23. Ne4 Rf8 24. Rd1 Re5 25. Qh4 Ref5 26. Bh6 d5 27.
Ng3 Rf2 28. Re1 Bxh6 29. Qxh6 Qg7 30. Qd6 Rxc2 31. Kh2 Qf6 32. Re6 Qb2 0-1

[Event "Lliga Catalana DH"]
[Site "?"]
[Date "2018.01.20"]
[Round "1.7"]
[White "Vilar Lopez, Monica"]
[Black "Chueca Forcen, Alberto"]
[Result "0-1"]
[WhiteElo "2188"]
[BlackElo "2361"]
[PlyCount "48"]
[WhiteTeam "OLO"]
[BlackTeam "EEB"]

1. e4 e5 2. Nf3 Nc6 3. d4 exd4 4. Nxd4 Nf6 5. Nxc6 bxc6 6. e5 Qe7 7. Qe2 Nd5 8.
c4 Ba6 9. Qe4 Nb4 10. Na3 d5 11. cxd5 cxd5 12. Qe3 Bxf1 13. Kxf1 g6 14. Bd2 Bg7
15. e6 f5 16. Qb3 c5 17. Nc2 Nxc2 18. Qa4+ Kf8 19. Qxc2 Rb8 20. Rb1 Bd4 21.
Bh6+ Kg8 22. b4 Qxe6 23. bxc5 Kf7 24. h4 Rhe8 0-1

[Event "Lliga Catalana DH"]
[Site "?"]
[Date "2018.01.20"]
[Round "1.4"]
[White "Grafl, Florian"]
[Black "Busquets Prat, Rafel"]
[Result "0-1"]
[WhiteElo "2421"]
[BlackElo "2352"]
[PlyCount "118"]
[WhiteTeam "EEB"]
[BlackTeam "OLO"]

1. Nc3 d5 2. e4 d4 3. Nce2 c5 4. f4 Nc6 5. Nf3 Qc7 6. d3 Nf6 7. h3 e5 8. f5 h5
9. Rg1 c4 10. a3 a5 11. g4 hxg4 12. hxg4 cxd3 13. cxd3 a4 14. Bg5 Nd7 15. Ng3
Nc5 16. Rc1 Bd7 17. Be2 Na5 18. Kf2 Nab3 19. Rc2 Bb5 20. Kg2 Ra6 21. Rh1 Rg8
22. Rh7 Rc6 23. Ne1 Be7 24. Bxe7 Qxe7 25. Nf3 Kd7 26. g5 f6 27. Nh4 Kd6 28. Nh5
Nd7 29. Ng6 Qf7 30. Rxc6+ Bxc6 31. Qe1 fxg5 32. Qb4+ Nbc5 33. Kh2 b6 34. Qe1
Qb3 35. Qd2 Nf6 36. Qxg5 Qxb2 37. Ng3 Ncd7 38. Rh3 Qxa3 39. Qd2 Qc3 40. Qa2 Qb3
41. Qa1 a3 42. Kg2 Ra8 43. Rh1 a2 44. Rc1 Nc5 45. Nf1 Qb4 46. Nxe5 Kxe5 47. Rc4
Qxc4 48. dxc4 Nb3 49. Qe1 Bxe4+ 50. Bf3 a1=Q 51. Qg3+ Kxf5 52. Bxe4+ Nxe4 53.
Qf3+ Ke5 54. Qh5+ g5 55. Qh2+ Ke6 56. Qh3+ Kd6 57. Qh2+ Kc6 58. Qe5 Ra2+ 59.
Kg1 Qxf1+ 0-1

[Event "Lliga Catalana DH"]
[Site "?"]
[Date "2018.01.20"]
[Round "1.2"]
[White "Narciso Dublan, Marc"]
[Black "Vidal Zamora, Alex"]
[Result "1/2-1/2"]
[WhiteElo "2535"]
[BlackElo "2422"]
[PlyCount "96"]
[WhiteTeam "EEB"]
[BlackTeam "OLO"]

1. d4 Nf6 2. Bg5 d5 3. e3 e6 4. c4 Be7 5. Nc3 O-O 6. Nf3 b6 7. cxd5 Nxd5 8.
Bxe7 Qxe7 9. Rc1 Bb7 10. Bd3 Rc8 11. O-O Nd7 12. Nxd5 exd5 13. Qc2 g6 14. b3 c5
15. Qb2 Rc7 16. Rc2 Rac8 17. Rfc1 Qd6 18. Qa3 a6 19. Bf1 Qe6 20. Nd2 Rc6 21.
Qb2 Nf8 22. dxc5 bxc5 23. b4 c4 24. Nf3 Rb6 25. a3 Qe7 26. Qd4 Rb5 27. Rb2 Ne6
28. Qc3 Rb6 29. Rd1 Qf8 30. Nd4 Qe8 31. g3 Nc7 32. Bg2 Rd6 33. Rbd2 Na8 34. Ne2
Nc7 35. Qa1 Rcd8 36. h4 Bc6 37. Nc3 Ba4 38. Rc1 Bb3 39. Ne2 Nb5 40. Nf4 d4 41.
exd4 Nxd4 42. Kh1 Nc2 43. Rdxc2 Bxc2 44. Kh2 Bb3 45. Re1 Qf8 46. Qe5 Qg7 47.
Qc5 c3 48. Re3 Ba4 1/2-1/2

[Event "Lliga Catalana DH"]
[Site "?"]
[Date "2018.01.20"]
[Round "1.1"]
[White "Campos Moreno, Javier"]
[Black "Peralta, Fernando"]
[Result "1/2-1/2"]
[WhiteElo "2510"]
[BlackElo "2593"]
[PlyCount "67"]
[WhiteTeam "OLO"]
[BlackTeam "EEB"]

1. d4 Nf6 2. c4 e6 3. Nf3 Bb4+ 4. Nbd2 O-O 5. a3 Be7 6. g3 d5 7. Bg2 b6 8. O-O
Bb7 9. cxd5 exd5 10. b4 Nbd7 11. Qb3 Re8 12. Bb2 Bd6 13. e3 a6 14. a4 b5 15.
axb5 axb5 16. Rxa8 Qxa8 17. Ra1 Qb8 18. Ne1 Nb6 19. Nd3 Nc4 20. Qc3 Ne4 21.
Nxe4 dxe4 22. Nc5 Bd5 23. Qc2 f5 24. Bc3 Qd8 25. Qd1 Qg5 26. Qe1 h5 27. Nd7 Qe7
28. Ne5 Nxe5 29. dxe5 Bxe5 30. Ra7 Bc4 31. Bf1 Bxf1 32. Kxf1 h4 33. Bxe5 Qxe5
34. Qd1 1/2-1/2

[Event "Lliga Catalana DH"]
[Site "?"]
[Date "2018.01.20"]
[Round "1.5"]
[White "Serrat Rifa, Ernest"]
[Black "Hernando Rodrigo, Julio Antonio"]
[Result "0-1"]
[WhiteElo "2352"]
[BlackElo "2397"]
[PlyCount "72"]
[WhiteTeam "OLO"]
[BlackTeam "EEB"]

1. e4 e6 2. d4 d5 3. exd5 exd5 4. Nf3 Nf6 5. Bd3 Be7 6. Ne5 Nc6 7. Bb5 Bd7 8.
Nxd7 Qxd7 9. O-O O-O 10. Bf4 a6 11. Be2 Bd6 12. Bxd6 Qxd6 13. c3 Rfe8 14. Nd2
Ne7 15. Bd3 Ng6 16. g3 Re7 17. Qb3 Rae8 18. Qxb7 Nf4 19. Qxa6 Qd7 20. Rfd1 Nh3+
21. Kg2 Qg4 22. f3 Qh5 23. Bf1 Re6 24. Qd3 Re3 25. Qxe3 Rxe3 26. Re1 Qg5 27.
Nb3 Nf4+ 28. Kf2 Nd3+ 29. Bxd3 Rxd3 30. a4 Qh5 31. Kg1 Qxf3 32. a5 h5 33. Rec1
Qe3+ 34. Kg2 Ng4 35. Re1 Rd2+ 36. Nxd2 Qxd2+ 0-1

[Event "Lliga Catalana DH"]
[Site "?"]
[Date "2018.01.20"]
[Round "1.1"]
[White "Asis Gargatagli, Hipolito"]
[Black "Movsziszian, Karen"]
[Result "1-0"]
[WhiteElo "2561"]
[BlackElo "2562"]
[PlyCount "75"]
[EventDate "2018.??.??"]
[WhiteTeam "SCU"]
[BlackTeam "SAN"]

1. e4 d6 2. d4 Nf6 3. Nc3 g6 4. Bg5 c6 5. Qd2 b5 6. e5 b4 7. exf6 bxc3 8. Qxc3
exf6 9. Bf4 Be6 10. O-O-O Be7 11. Bh6 d5 12. Ne2 Qb6 13. Nf4 Nd7 14. a3 a5 15.
g3 Bf8 16. Bxf8 Kxf8 17. h4 Kg7 18. h5 Rhe8 19. hxg6 hxg6 20. Nxe6+ Rxe6 21.
Bh3 f5 22. g4 Nf6 23. gxf5 Ne4 24. Qe3 Rf6 25. fxg6 Rb8 26. b3 Qc7 27. Bf5 Rxg6
28. Bxg6 fxg6 29. f3 Ng3 30. Qh6+ Kf6 31. Qh4+ Kf5 32. Qg4+ Kf6 33. Rh6 Rg8 34.
Qh4+ Kf5 35. Kb2 Qf4 36. Qe7 Qxf3 37. Qf7+ Kg4 38. Rh4+ 1-0

[Event "Lliga Catalana DH"]
[Site "?"]
[Date "2018.01.20"]
[Round "1.2"]
[White "Muñoz Pantoja, Miguel"]
[Black "Alonso Bouza, Julio Javier"]
[Result "1/2-1/2"]
[WhiteElo "2562"]
[BlackElo "2373"]
[PlyCount "44"]
[EventDate "2018.??.??"]
[WhiteTeam "SAN"]
[BlackTeam "SCU"]

1. e4 e6 2. d4 d5 3. Nd2 Nf6 4. Bd3 c5 5. e5 Nfd7 6. c3 Nc6 7. Ne2 cxd4 8. cxd4
f6 9. exf6 Qxf6 10. Nf3 h6 11. O-O Bd6 12. Bd2 O-O 13. Qb3 Rf7 14. Bc3 Nf8 15.
Ng3 Bd7 16. Rae1 Be8 17. Ne5 Bxe5 18. dxe5 Qh4 19. Re3 Qd8 20. Ree1 Qh4 21. Re3
Qd8 22. Ree1 Qh4 1/2-1/2

[Event "Lliga Catalana DH"]
[Site "?"]
[Date "2018.01.20"]
[Round "1.3"]
[White "Lillo Castany, Victor"]
[Black "Dominguez Pons, Eric"]
[Result "0-1"]
[WhiteElo "2401"]
[BlackElo "2447"]
[PlyCount "106"]
[EventDate "2018.??.??"]
[WhiteTeam "SCU"]
[BlackTeam "SAN"]

1. e4 c6 2. c4 d5 3. cxd5 cxd5 4. exd5 Nf6 5. Bb5+ Nbd7 6. Nf3 a6 7. Be2 Nxd5
8. d4 e6 9. O-O Bd6 10. Nc3 N7f6 11. Ne5 O-O 12. Bf3 Nxc3 13. bxc3 Qc7 14. Qe1
Nd7 15. Bf4 Nxe5 16. Bxe5 Rb8 17. c4 Bd7 18. Bxd6 Qxd6 19. Qe3 Bc6 20. d5 exd5
21. cxd5 Bd7 22. Rac1 Rfc8 23. g3 g6 24. h4 Bb5 25. Rfd1 Bc4 26. Rc2 b5 27. h5
Rd8 28. Qd4 Rb6 29. Be2 Bxe2 30. Rxe2 Qf6 31. Re5 gxh5 32. Rd3 Re6 33. Rde3
Rxe5 34. Rxe5 Rd6 35. Qe4 Qg6 36. Qf4 h6 37. Rxh5 Rf6 38. Qe5 b4 39. Kg2 a5 40.
Rh4 Qf5 41. Qxf5 Rxf5 42. Rxh6 Rxd5 43. Ra6 Kf8 44. Kf3 Rd3+ 45. Ke4 Ra3 46.
Ke5 Kg7 47. f4 Rxa2 48. g4 b3 49. Rb6 Re2+ 50. Kd4 a4 51. Kd3 Rg2 52. Kc3 a3
53. Rxb3 a2 0-1